Loading...
| Current Events | 2 | 20.00 | 100% | 50% | 50% |
| Fine Arts - Classical Music | 7 | 18.57 | 29% | 57% | 100% |
| Fine Arts - Other | 4 | 20.00 | 50% | 75% | 75% |
| Fine Arts - Painting and Sculpture | 6 | 21.67 | 67% | 67% | 83% |
| Geography | 1 | 20.00 | 100% | 100% | 0% |
| History - American | 9 | 16.67 | 44% | 56% | 67% |
| History - European | 7 | 21.43 | 71% | 86% | 57% |
| History - Other | 8 | 20.00 | 75% | 63% | 63% |
| History - World | 8 | 20.00 | 88% | 50% | 63% |
| Literature - American | 8 | 18.75 | 63% | 75% | 50% |
| Literature - British | 8 | 23.75 | 88% | 63% | 88% |
| Literature - European | 5 | 24.00 | 80% | 60% | 100% |
| Literature - World | 7 | 22.86 | 86% | 86% | 57% |
| Mythology | 6 | 23.33 | 67% | 100% | 67% |
| Other Academic | 4 | 22.50 | 75% | 75% | 75% |
| Philosophy | 8 | 17.50 | 38% | 75% | 63% |
| Pop Culture | 1 | 20.00 | 0% | 100% | 100% |
| Religion | 6 | 25.00 | 83% | 67% | 100% |
| Science - Biology | 9 | 20.00 | 89% | 56% | 56% |
| Science - Chemistry | 7 | 24.29 | 71% | 86% | 86% |
| Science - Other | 9 | 16.67 | 33% | 56% | 78% |
| Science - Physics | 6 | 21.67 | 83% | 67% | 67% |
| Social Science | 7 | 18.57 | 29% | 86% | 71% |